[Event "WC-2014-S-00009"]
[Site "LSS email"]
[Date "2011.07.16"]
[Round "?"]
[White "Van der Kemp, Michel"]
[Black "Istomin, Sergei"]
[Result "1-0"]
[WhiteElo "2320"]
[BlackElo "2191"]
[PlyCount "69"]
[EventDate "2011.07.22"]
[EventType "tourn (corr)"]
[EventRounds "6"]
[EventCountry "GER"]
[SourceTitle "Telechess CBM 153"]
[Source "ChessBase"]
[SourceDate "2013.03.14"]
[SourceVersion "1"]
[SourceVersionDate "2013.03.14"]
[SourceQuality "1"]

1. e4 c5 2. Nf3 Nc6 3. Bb5 g6 4. 0-0 Bg7 5. Nc3 e5 6. d3 Nge7 7. Bc4 0-0 8. a4 d6 9. Bg5 Be6 10. Nd5 h6 11. Nxe7+ Nxe7 12. Bxe6 fxe6 13. Bxe7 Qxe7 14. Qd2 Rxf3 15. gxf3 Rf8 16. Qe2 Bf6 17. Kh1 a5 18. Rg1 Bg5 19. c3 Kh7 20. Ra3 b6 21. Rb3 Qd8 22. Rb5 Bf4 23. Qf1 Kg7 24. Qg2 Rf6 25. b4 cxb4 26. cxb4 Bd2 27. bxa5 Bxa5 28. Rc1 Qd7 29. Qg3 Rf8 30. Kg2 Kh7 31. Rb2 Kg7 32. Rbc2 b5 33. d4 exd4 34. Rc6 e5 35. axb5 1-0

[Event "LSS WC-2012-T-00005"]
[Site "LSS email"]
[Date "2010.12.19"]
[Round "?"]
[White "Kireev, Sergey Ivanovich"]
[Black "Van der Kemp, Michel"]
[Result "1-0"]
[WhiteElo "2312"]
[BlackElo "2320"]
[PlyCount "53"]
[EventDate "2010.12.18"]
[EventType "tourn (corr)"]
[EventRounds "10"]
[EventCountry "GER"]
[SourceTitle "Telechess CBM 155"]
[Source "ChessBase"]
[SourceDate "2013.07.16"]
[SourceVersion "1"]
[SourceVersionDate "2013.07.16"]
[SourceQuality "1"]

1. e4 c5 2. Nf3 d6 3. d4 cxd4 4. Nxd4 Nf6 5. Nc3 a6 6. f3 e5 7. Nb3 Be6 8. Be3 Be7 9. Qd2 h5 10. Nd5 Nxd5 11. exd5 Bf5 12. Be2 Nd7 13. 0-0 0-0 14. Na5 Qc7 15. c4 h4 16. b4 Nf6 17. h3 Rfc8 18. Rfd1 Nh5 19. Rac1 Ng3 20. Re1 e4 21. c5 Nxe2+ 22. Rxe2 exf3 23. Rf2 dxc5 24. bxc5 Qd7 25. d6 b6 26. Nc4 Bd8 27. Rxf3 1-0

[Event "LSS WC-2012-T-00005"]
[Site "LSS email"]
[Date "2010.12.19"]
[Round "?"]
[White "Tsenkov, Lyubomir"]
[Black "Van der Kemp, Michel"]
[Result "1/2-1/2"]
[WhiteElo "2396"]
[BlackElo "2320"]
[PlyCount "43"]
[EventDate "2010.12.18"]
[EventType "tourn (corr)"]
[EventRounds "10"]
[EventCountry "GER"]
[SourceTitle "Telechess CBM 153"]
[Source "ChessBase"]
[SourceDate "2013.03.14"]
[SourceVersion "1"]
[SourceVersionDate "2013.03.14"]
[SourceQuality "1"]

1. c4 e5 2. Nc3 Nf6 3. Nf3 Nc6 4. g3 d5 5. cxd5 Nxd5 6. Bg2 Nb6 7. 0-0 Be7 8. a3 0-0 9. b4 Be6 10. Rb1 f6 11. Ne4 Ba2 12. Rb2 Bd5 13. Nc5 e4 14. Ne1 Nc4 15. Rb1 Bxc5 16. bxc5 Re8 17. Nc2 b6 18. Nb4 Nxb4 19. axb4 b5 20. Qc2 Kh8 21. Rd1 Qc8 22. d3 1/2-1/2

[Event "LSS WC-2012-T-00005"]
[Site "LSS email"]
[Date "2010.12.19"]
[Round "?"]
[White "Van der Kemp, Michel"]
[Black "Cornel, Matei"]
[Result "1/2-1/2"]
[WhiteElo "2320"]
[BlackElo "2332"]
[PlyCount "78"]
[EventDate "2010.12.18"]
[EventType "tourn (corr)"]
[EventRounds "10"]
[EventCountry "GER"]
[SourceTitle "Telechess CBM 153"]
[Source "ChessBase"]
[SourceDate "2013.03.14"]
[SourceVersion "1"]
[SourceVersionDate "2013.03.14"]
[SourceQuality "1"]

1. e4 c5 2. Nf3 Nc6 3. Bb5 a6 4. Bxc6 dxc6 5. 0-0 g6 6. d3 Bg7 7. h3 Nf6 8. Be3 Nd7 9. Nc3 0-0 10. a4 a5 11. Nd2 b6 12. f4 Nb8 13. f5 Na6 14. Nc4 Nb4 15. Qe2 Rb8 16. Bf4 Rb7 17. Bh2 Rd7 18. Rad1 Ba6 19. Ne5 Rb7 20. Kh1 Qc8 21. Ng4 f6 22. Rf3 Rd7 23. Bf4 Qd8 24. Qd2 g5 25. Bh2 h5 26. Ne3 Kf7 27. e5 Kg8 28. e6 Rd4 29. Ne2 Kh7 30. Nxd4 cxd4 31. Nc4 Nd5 32. Qe2 Bh6 33. Rf2 Qe8 34. Qe4 Bb7 35. Re2 Rg8 36. Qxd4 c5 37. Qf2 Qxa4 38. Re4 Qc6 39. h4 g4 1/2-1/2

[Event "LSS WC-2012-T-00005"]
[Site "LSS email"]
[Date "2010.12.19"]
[Round "?"]
[White "Van der Kemp, Michel"]
[Black "Kovacs, Arthur"]
[Result "1-0"]
[WhiteElo "2320"]
[BlackElo "2443"]
[PlyCount "75"]
[EventDate "2010.12.18"]
[EventType "tourn (corr)"]
[EventRounds "10"]
[EventCountry "GER"]
[SourceTitle "Telechess CBM 153"]
[Source "ChessBase"]
[SourceDate "2013.03.14"]
[SourceVersion "1"]
[SourceVersionDate "2013.03.14"]
[SourceQuality "1"]

1. e4 c6 2. d4 d5 3. f3 e6 4. Nc3 Bb4 5. Nge2 dxe4 6. a3 Ba5 7. fxe4 Qh4+ 8. Ng3 Nf6 9. e5 Nd5 10. Qd3 0-0 11. Bd2 c5 12. Nxd5 Bxd2+ 13. Qxd2 exd5 14. dxc5 Re8 15. Be2 Rxe5 16. 0-0 Be6 17. b4 Nc6 18. Rad1 a6 19. Bf3 Rd8 20. c3 g6 21. a4 Qe7 22. Rf2 f6 23. Rdf1 Kg7 24. h4 a5 25. h5 Rg5 26. Ne2 Ne5 27. Nd4 Bf5 28. Re1 Bd7 29. bxa5 Re8 30. Rb1 Nc4 31. Qf4 Bc8 32. c6 bxc6 33. Nxc6 Qf7 34. Nd4 Rge5 35. Be2 f5 36. Bxc4 dxc4 37. Nb5 Qe7 38. h6+ 1-0

[Event "FICGS theme 0001 email"]
[Site "FICGS email"]
[Date "2010.09.18"]
[Round "1"]
[White "Melquiades, Jaime I"]
[Black "Van der Kemp, Michel"]
[Result "0-1"]
[WhiteElo "874"]
[BlackElo "2226"]
[PlyCount "36"]
[EventDate "2010.??.??"]
[EventType "swiss (corr)"]
[EventRounds "1"]
[SourceTitle "Corr 2013"]
[Source "ChessBase"]
[SourceDate "2012.11.12"]
[SourceVersion "1"]
[SourceVersionDate "2012.11.12"]
[SourceQuality "1"]

1. e4 e5 2. f4 exf4 3. Nc3 Qh4+ 4. g3 fxg3 5. Nf3 g2+ 6. Nxh4 gxh1Q 7. d3 Qxh2 8. Nf3 Qg3+ 9. Kd2 Nf6 10. Ne2 Qxf3 11. Ke1 d5 12. Bg5 dxe4 13. Nd4 Qg3+ 14. Kd2 Qxg5+ 15. Ke1 Bg4 16. Be2 e3 17. Bxg4 Qh4+ 18. Ke2 Qf2# 0-1

[Event "LSS WC-2013-S-00013"]
[Site "LSS email"]
[Date "2010.07.20"]
[Round "?"]
[White "Van der Kemp, Michel"]
[Black "Cottegnie, Francis"]
[Result "1/2-1/2"]
[WhiteElo "2320"]
[BlackElo "2242"]
[PlyCount "71"]
[EventDate "2010.07.25"]
[EventType "tourn (corr)"]
[EventRounds "10"]
[EventCountry "GER"]
[SourceTitle "Corr 2015"]
[Source "ChessBase"]
[SourceDate "2015.07.17"]
[SourceVersion "1"]
[SourceVersionDate "2015.07.17"]
[SourceQuality "1"]

1. e4 e5 2. f4 exf4 3. Nc3 Qh4+ 4. Ke2 d5 5. Nxd5 Bg4+ 6. Nf3 Nc6 7. Nxc7+ Kd8 8. Nxa8 Ne5 9. Qe1 Nxf3 10. Qxh4+ Nxh4+ 11. Ke1 f3 12. gxf3 Bxf3 13. Rg1 Bxe4 14. d3 Bc6 15. Bg5+ Be7 16. Bxe7+ Kxe7 17. Kf2 Nh6 18. Nc7 Kd6 19. Rxg7 Kxc7 20. Bh3 Ng6 21. Re1 Nf4 22. Re3 Bd7 23. Bxd7 Kxd7 24. Rg1 Ng6 25. Rh3 Nf5 26. Ke1 h6 27. Kd2 Rc8 28. c4 Ke6 29. Rf1 Nge7 30. Rhf3 Rg8 31. Re1+ Kd7 32. Kc3 Rg5 33. a3 a6 34. b4 Rh5 35. Rf2 Nd6 36. Rg1 1/2-1/2

[Event "LSS WC-2013-S-00013"]
[Site "LSS email"]
[Date "2010.07.20"]
[Round "?"]
[White "Van der Kemp, Michel"]
[Black "Jordan, Juergen"]
[Result "1/2-1/2"]
[WhiteElo "2278"]
[BlackElo "2197"]
[PlyCount "43"]
[EventDate "2010.07.25"]
[EventType "tourn (corr)"]
[EventRounds "10"]
[EventCountry "GER"]
[SourceTitle "Telechess CBM 143"]
[Source "ChessBase"]
[SourceDate "2011.07.15"]
[SourceVersion "1"]
[SourceVersionDate "2011.07.15"]
[SourceQuality "1"]

1. e4 c6 2. d4 d5 3. f3 dxe4 4. fxe4 e5 5. Nf3 Bg4 6. Bc4 Nd7 7. c3 Bh5 8. Nbd2 Ngf6 9. 0-0 Bd6 10. Be2 Qe7 11. Nc4 Bc7 12. Ncxe5 Nxe5 13. Nxe5 Bxe2 14. Qxe2 Bxe5 15. dxe5 Qxe5 16. Rf5 Qe6 17. Bf4 0-0 18. Re5 Qc8 19. Rd1 Re8 20. c4 Rxe5 21. Bxe5 Qe6 22. Bxf6 1/2-1/2

[Event "FICGS W-ch st2 g01 email"]
[Site "FICGS email"]
[Date "2010.07.06"]
[Round "1"]
[White "Kruse, Herbert"]
[Black "Van der Kemp, Michel"]
[Result "1/2-1/2"]
[WhiteElo "2374"]
[BlackElo "2220"]
[PlyCount "37"]
[EventDate "2010.??.??"]
[EventType "tourn (corr)"]
[EventRounds "6"]
[SourceTitle "Corr 2013"]
[Source "ChessBase"]
[SourceDate "2012.11.12"]
[SourceVersion "1"]
[SourceVersionDate "2012.11.12"]
[SourceQuality "1"]

1. e4 c5 2. Nf3 d6 3. d4 cxd4 4. Nxd4 Nf6 5. Nc3 a6 6. h3 e6 7. g4 h6 8. Be3 b5 9. a3 Bb7 10. Bg2 Nbd7 11. Qe2 Rc8 12. 0-0 Ne5 13. Rad1 g5 14. f4 gxf4 15. Bxf4 Nfd7 16. Qf2 Be7 17. Nf3 Nc4 18. b3 Nb2 19. Rxd6 1/2-1/2

[Event "LSS BI-2009-F-00001"]
[Site "LSS email"]
[Date "2010.02.15"]
[Round "?"]
[White "Kubasky, Alojz"]
[Black "Van der Kemp, Michel"]
[Result "0-1"]
[WhiteElo "2187"]
[BlackElo "2284"]
[PlyCount "62"]
[EventDate "2010.02.17"]
[EventType "tourn (corr)"]
[EventRounds "10"]
[EventCountry "GER"]
[SourceTitle "Telechess CBM 147"]
[Source "ChessBase"]
[SourceDate "2012.03.16"]
[SourceVersion "1"]
[SourceVersionDate "2012.03.16"]
[SourceQuality "1"]

1. e4 c5 2. Nf3 d6 3. d4 cxd4 4. Nxd4 Nf6 5. Nc3 a6 6. Be3 e5 7. Nb3 Be6 8. f3 h5 9. Qd2 Nbd7 10. 0-0-0 Be7 11. Kb1 b5 12. g3 0-0 13. h3 Nb6 14. Qf2 Rb8 15. g4 Nc4 16. g5 Nd7 17. h4 Ndb6 18. Bxc4 bxc4 19. Nc1 Qc7 20. N1e2 d5 21. Bxb6 Rxb6 22. Rxd5 Qb7 23. b3 cxb3 24. cxb3 Rxb3+ 25. axb3 Qxb3+ 26. Ka1 Bxd5 27. exd5 Bb4 28. d6 Rb8 29. Rb1 Bxc3+ 30. Nxc3 Qxc3+ 31. Rb2 Qxb2+ 0-1

[Event "LSS BI-2009-F-00001"]
[Site "LSS email"]
[Date "2010.02.15"]
[Round "?"]
[White "Majer, Damir"]
[Black "Van der Kemp, Michel"]
[Result "1/2-1/2"]
[WhiteElo "2268"]
[BlackElo "2283"]
[PlyCount "77"]
[EventDate "2010.02.17"]
[EventType "tourn (corr)"]
[EventRounds "10"]
[EventCountry "GER"]
[SourceTitle "Telechess CBM 141"]
[Source "ChessBase"]
[SourceDate "2011.03.17"]
[SourceVersion "1"]
[SourceVersionDate "2011.03.17"]
[SourceQuality "1"]

1. Nf3 Nf6 2. c4 e6 3. g3 d5 4. Bg2 c5 5. 0-0 d4 6. e3 Nc6 7. exd4 cxd4 8. d3 Be7 9. Na3 0-0 10. Nc2 a5 11. Re1 Re8 12. b3 Bc5 13. Ne5 Nxe5 14. Rxe5 Nd7 15. Re2 e5 16. Qd2 Ra6 17. Bb2 Rae6 18. a3 Ba7 19. b4 R6e7 20. Rae1 Bb8 21. h3 axb4 22. axb4 Nf6 23. Na1 h6 24. Nb3 b6 25. Qc2 Bb7 26. Bxb7 Rxb7 27. Nd2 Bd6 28. Qa4 Qc8 29. Kg2 Re6 30. f4 b5 31. cxb5 Qb8 32. fxe5 Bxe5 33. Nf3 Rxb5 34. Nxe5 Rexe5 35. Rxe5 Rxe5 36. Rxe5 Qxe5 37. Qa8+ Kh7 38. Qf3 Nd5 39. Bxd4 1/2-1/2

[Event "LSS BI-2009-F-00001"]
[Site "LSS email"]
[Date "2010.02.15"]
[Round "?"]
[White "Van der Kemp, Michel"]
[Black "Domanov, Dmitry"]
[Result "1/2-1/2"]
[WhiteElo "2284"]
[BlackElo "2408"]
[PlyCount "56"]
[EventDate "2010.02.17"]
[EventType "tourn (corr)"]
[EventRounds "10"]
[EventCountry "GER"]
[SourceTitle "Telechess CBM 147"]
[Source "ChessBase"]
[SourceDate "2012.03.16"]
[SourceVersion "1"]
[SourceVersionDate "2012.03.16"]
[SourceQuality "1"]

1. e4 c5 2. Nf3 d6 3. d4 cxd4 4. Nxd4 Nf6 5. Nc3 a6 6. Bg5 e6 7. f4 Qb6 8. Qd2 Qxb2 9. Rb1 Qa3 10. e5 h6 11. Bh4 dxe5 12. fxe5 g5 13. exf6 gxh4 14. Be2 Qa5 15. 0-0 Nd7 16. Kh1 Qg5 17. Rf4 e5 18. Nd5 exd4 19. Qxd4 Bc5 20. Qe4+ Kd8 21. Rf5 Re8 22. Qxe8+ Kxe8 23. Rxg5 hxg5 24. Nc7+ Kd8 25. Nxa8 Nxf6 26. Bf3 b5 27. Rd1+ Ke7 28. h3 Bd7 1/2-1/2

[Event "LSS BI-2009-F-00001"]
[Site "LSS email"]
[Date "2010.02.15"]
[Round "?"]
[White "Van der Kemp, Michel"]
[Black "Llorente Alvarez, Jose Luis"]
[Result "1-0"]
[WhiteElo "2260"]
[BlackElo "2115"]
[PlyCount "81"]
[EventDate "2010.02.17"]
[EventType "tourn (corr)"]
[EventRounds "10"]
[EventCountry "GER"]
[SourceTitle "Corr 2013"]
[Source "ChessBase"]
[SourceDate "2012.11.12"]
[SourceVersion "1"]
[SourceVersionDate "2012.11.12"]
[SourceQuality "1"]

1. e4 c5 2. Nf3 d6 3. d4 cxd4 4. Nxd4 Nf6 5. Nc3 a6 6. Be3 e5 7. Nb3 Be7 8. f3 0-0 9. Qd2 Be6 10. 0-0-0 Nbd7 11. a3 Qc7 12. g4 b5 13. Kb1 Nb6 14. g5 Nh5 15. Na5 Rab8 16. Nd5 Nxd5 17. exd5 Bxd5 18. Qxd5 Qxa5 19. Bc4 Qc7 20. Ba2 a5 21. Rhe1 Rbc8 22. c3 b4 23. cxb4 Qc2+ 24. Ka1 axb4 25. Rc1 Qf5 26. Rxc8 Rxc8 27. a4 Nf4 28. Qb7 Bxg5 29. h4 Bh6 30. Bxf7+ Kh8 31. Rd1 Ne2 32. Bxh6 gxh6 33. Bd5 Qc2 34. Bb3 Qf5 35. Qxb4 Nd4 36. Ka2 Nxb3 37. Qxb3 Qd7 38. a5 Kg7 39. Ka3 Qc7 40. Qd5 h5 41. f4 1-0

[Event "FICGS W-ch st2 g01 email"]
[Site "FICGS email"]
[Date "2009.11.03"]
[Round "1"]
[White "Van der Kemp, Michel"]
[Black "Perevozchikov, Vjacheslav"]
[Result "0-1"]
[WhiteElo "2200"]
[BlackElo "1957"]
[PlyCount "132"]
[EventDate "2009.??.??"]
[EventType "tourn (corr)"]
[EventRounds "8"]
[SourceTitle "Corr 2022"]
[Source "ChessBase"]
[SourceDate "2021.10.24"]
[SourceVersion "1"]
[SourceVersionDate "2021.10.24"]
[SourceQuality "1"]

1. e4 e5 2. f4 exf4 3. Nc3 Qh4+ 4. Ke2 d5 5. Nxd5 Bg4+ 6. Nf3 Nc6 7. Nxc7+ Kd8 8. Nxa8 Ne5 9. Qe1 Nxf3 10. Qxh4+ Nxh4+ 11. Ke1 f3 12. h3 Nxg2+ 13. Kf2 Bc5+ 14. Kg3 Bh5 15. Bxg2 Bd6+ 16. Kf2 fxg2 17. Kxg2 Ne7 18. d4 Ng6 19. Rf1 Nh4+ 20. Kh1 Kd7 21. Bf4 Bf3+ 22. Rxf3 Nxf3 23. e5 Rxa8 24. exd6 Nxd4 25. Re1 Ne6 26. Bh2 f5 27. Re5 g6 28. b3 Rc8 29. c4 Rc5 30. Re2 f4 31. Bg1 Rh5 32. Kg2 Rg5+ 33. Kf1 Rg3 34. Bxa7 Rxh3 35. Re5 Rh1+ 36. Kg2 Rd1 37. Rb5 Kc8 38. Re5 Rxd6 39. a4 g5 40. Kf1 b6 41. b4 g4 42. a5 bxa5 43. bxa5 Kd7 44. Ke2 h6 45. Rb5 Rc6 46. Kd3 g3 47. Rf5 Ra6 48. Ke2 Rd6 49. Rf7+ Kc8 50. Bb6 g2 51. Bg1 Ng5 52. Rxf4 Nh3 53. Rf8+ Kd7 54. Rf7+ Ke6 55. Ra7 Nxg1+ 56. Kf2 Nf3 57. Kxg2 Ne5 58. c5 Rd2+ 59. Kf1 Kf5 60. Rh7 Kg5 61. Rg7+ Kf6 62. Rg8 Nc6 63. Rc8 Ne7 64. Rf8+ Kg5 65. Rh8 Ra2 66. Ra8 h5 0-1

[Event "FICGS W-ch st1 g07 email"]
[Site "FICGS email"]
[Date "2009.11.02"]
[Round "1"]
[White "Valentin, Florea"]
[Black "Van der Kemp, Michel"]
[Result "0-1"]
[WhiteElo "1931"]
[BlackElo "2199"]
[PlyCount "94"]
[EventDate "2009.??.??"]
[EventType "tourn (corr)"]
[EventRounds "8"]
[SourceTitle "Corr 2022"]
[Source "ChessBase"]
[SourceDate "2021.10.24"]
[SourceVersion "1"]
[SourceVersionDate "2021.10.24"]
[SourceQuality "1"]

1. e4 c5 2. Nf3 d6 3. d4 cxd4 4. Nxd4 Nf6 5. Nc3 a6 6. f3 e5 7. Nb3 Be6 8. Bd3 Be7 9. Be3 Nbd7 10. 0-0 Qc7 11. Qd2 b5 12. Rfc1 Nb6 13. Qf2 Nc4 14. Bxc4 bxc4 15. Bb6 Qc8 16. Nd2 0-0 17. b3 Qc6 18. Rab1 d5 19. exd5 Nxd5 20. Nxd5 Bxd5 21. bxc4 Bxc4 22. Nxc4 Qxc4 23. Qe3 Rab8 24. Kh1 Bf6 25. Rb3 Rfc8 26. c3 h6 27. Qe1 Rc6 28. Rcb1 Rbc8 29. Bg1 e4 30. fxe4 Bxc3 31. Qe3 Be5 32. Qd3 Qxd3 33. Rxd3 Rc1 34. Rxc1 Rxc1 35. g3 Ra1 36. Rd2 Bc3 37. Rd3 Bb4 38. Rd8+ Kh7 39. Kg2 a5 40. Ra8 Bc3 41. h4 Rxa2+ 42. Kf3 Ra3 43. Ke2 Be5 44. g4 Rg3 45. Bf2 Rxg4 46. Ke3 Bc7 47. Kd3 Kg6 0-1

[Event "LSS SA-2009-0-00067"]
[Site "LSS email"]
[Date "2009.07.04"]
[Round "?"]
[White "Van der Kemp, Michel"]
[Black "Jovanovic, Bratislav"]
[Result "1-0"]
[WhiteElo "2122"]
[BlackElo "2104"]
[PlyCount "61"]
[EventDate "2009.06.14"]
[EventType "tourn (corr)"]
[EventRounds "6"]
[EventCountry "GER"]
[SourceTitle "Corr 2011"]
[Source "ChessBase"]
[SourceDate "2010.08.31"]
[SourceVersion "1"]
[SourceVersionDate "2010.08.31"]
[SourceQuality "1"]

1. e4 e6 2. d4 d5 3. Nc3 Bb4 4. e5 c5 5. a3 Bxc3+ 6. bxc3 Ne7 7. Qg4 0-0 8. Bd3 Nbc6 9. Qh5 Ng6 10. Nf3 Qc7 11. Be3 c4 12. Bxg6 fxg6 13. Qg4 Qf7 14. Ng5 Qe8 15. h4 h6 16. Nh3 Ne7 17. Qe2 Bd7 18. g4 b5 19. h5 gxh5 20. g5 hxg5 21. Nxg5 g6 22. 0-0-0 Rf5 23. Rdg1 b4 24. axb4 a5 25. b5 a4 26. Rxh5 gxh5 27. Ne4+ Kh7 28. Nf6+ Rxf6 29. exf6 a3 30. Kb1 Bxb5 31. Rg7+ 1-0

[Event "LSS SA-2009-0-00067"]
[Site "LSS email"]
[Date "2009.07.03"]
[Round "?"]
[White "Von der Heydt, Hans Joachim"]
[Black "Van der Kemp, Michel"]
[Result "0-1"]
[WhiteElo "2045"]
[BlackElo "2047"]
[PlyCount "90"]
[EventDate "2009.06.14"]
[EventType "tourn (corr)"]
[EventRounds "6"]
[EventCountry "GER"]
[SourceTitle "Corr 2022"]
[Source "ChessBase"]
[SourceDate "2021.10.24"]
[SourceVersion "1"]
[SourceVersionDate "2021.10.24"]
[SourceQuality "1"]

1. e4 c5 2. Nf3 d6 3. d4 cxd4 4. Nxd4 Nf6 5. Nc3 a6 6. Be2 e5 7. Nb3 Be7 8. 0-0 0-0 9. Be3 Be6 10. Qd2 Nbd7 11. a4 Rc8 12. a5 Qc7 13. Rfd1 Rfe8 14. Qe1 Nf8 15. Nc1 h6 16. Qd2 Ng6 17. Nd3 d5 18. exd5 Bxd5 19. Bb6 Qb8 20. Nxd5 Nxd5 21. Bf3 Nxb6 22. axb6 Bd8 23. Qb4 Bxb6 24. Bg4 Rc6 25. Bd7 e4 26. Bxc6 bxc6 27. Nc5 a5 28. Qd4 Nf4 29. Qd6 Qxd6 30. Rxd6 Bxc5 31. Rxc6 Bd4 32. Rxa5 e3 33. fxe3 Bxe3+ 34. Kh1 Bc1 35. h4 Bxb2 36. Rc4 Re1+ 37. Kh2 Ne6 38. Kh3 Be5 39. g3 Re3 40. Kg2 Bxg3 41. Rf5 Bc7 42. Rf3 Re2+ 43. Rf2 Rxf2+ 44. Kxf2 g6 45. Re4 Kg7 0-1

[Event "LSS SA-2009-0-00067"]
[Site "LSS email"]
[Date "2009.07.03"]
[Round "?"]
[White "Vujadinovic, Milan"]
[Black "Van der Kemp, Michel"]
[Result "1/2-1/2"]
[WhiteElo "2096"]
[BlackElo "2122"]
[PlyCount "37"]
[EventDate "2009.06.14"]
[EventType "tourn (corr)"]
[EventRounds "6"]
[EventCountry "GER"]
[SourceTitle "Corr 2011"]
[Source "ChessBase"]
[SourceDate "2010.08.31"]
[SourceVersion "1"]
[SourceVersionDate "2010.08.31"]
[SourceQuality "1"]

1. d4 d5 2. c4 c6 3. Nf3 Nf6 4. e3 Bf5 5. Nc3 e6 6. Nh4 Bg6 7. Be2 Nbd7 8. 0-0 Bd6 9. g3 0-0 10. Nxg6 hxg6 11. Qb3 Rb8 12. Rd1 Qe7 13. Qc2 dxc4 14. Bxc4 Rfd8 15. Bd2 Nb6 16. Bf1 e5 17. Rac1 e4 18. Bg2 Re8 19. Na4 1/2-1/2

[Event "LSS ZH-2009-0-00291"]
[Site "LSS email"]
[Date "2009.06.21"]
[Round "?"]
[White "Van der Kemp, Michel"]
[Black "Rudenko, Vitaliy"]
[Result "1-0"]
[WhiteElo "2122"]
[BlackElo "2177"]
[PlyCount "107"]
[EventDate "2009.06.11"]
[EventType "match (corr)"]
[EventRounds "2"]
[EventCountry "GER"]
[SourceTitle "Corr 2011"]
[Source "ChessBase"]
[SourceDate "2010.08.31"]
[SourceVersion "1"]
[SourceVersionDate "2010.08.31"]
[SourceQuality "1"]

1. e4 Nf6 2. e5 Nd5 3. Nf3 d6 4. d4 Nc6 5. c4 Nb6 6. e6 fxe6 7. Be3 g6 8. Nc3 Bg7 9. h4 0-0 10. h5 e5 11. hxg6 hxg6 12. d5 Nd4 13. Nxd4 exd4 14. Bxd4 Bxd4 15. Qxd4 e5 16. Qe3 Qf6 17. Bd3 Bf5 18. Be2 Rf7 19. 0-0-0 Raf8 20. b3 Bc8 21. f3 Qf4 22. Qxf4 exf4 23. Bd3 Nd7 24. Bxg6 Rg7 25. Bc2 Rxg2 26. Nb5 Ne5 27. Nxc7 Bf5 28. Rhg1 Rg3 29. Ne6 Bxe6 30. dxe6 Rf6 31. Be4 Kf8 32. Bxb7 Rxe6 33. Rxg3 fxg3 34. f4 Nd7 35. Kd2 Nf6 36. Rg1 Re7 37. Bf3 Ne4+ 38. Bxe4 Rxe4 39. Rxg3 Rxf4 40. Ke3 Rh4 41. Rg5 Ke8 42. Ra5 Rh7 43. Ra6 Kd8 44. Kd4 Kc8 45. Rxd6 Rh5 46. b4 Kb7 47. Rd7+ Kb6 48. Re7 Rh4+ 49. Re4 Rh7 50. Re6+ Kb7 51. c5 Rh4+ 52. Re4 Rh2 53. a4 Rh7 54. b5 1-0

[Event "FICGS theme 0000 email"]
[Site "FICGS email"]
[Date "2009.05.24"]
[Round "1"]
[White "Blinchevsky, Alexander"]
[Black "Van der Kemp, Michel"]
[Result "1/2-1/2"]
[WhiteElo "2063"]
[BlackElo "2111"]
[PlyCount "86"]
[EventDate "2009.??.??"]
[EventType "swiss (corr)"]
[EventRounds "1"]
[SourceTitle "Corr 2022"]
[Source "ChessBase"]
[SourceDate "2021.10.24"]
[SourceVersion "1"]
[SourceVersionDate "2021.10.24"]
[SourceQuality "1"]

1. e4 e5 2. f4 exf4 3. Nf3 d6 4. d4 g5 5. h4 g4 6. Ng5 h6 7. Nxf7 Kxf7 8. Bc4+ Kg7 9. Bxf4 Rh7 10. Qd3 Nc6 11. Nc3 a6 12. Rf1 b5 13. Bb3 Kh8 14. 0-0-0 Nge7 15. Be3 Bd7 16. e5 Bg7 17. e6 Be8 18. Qe2 Bh5 19. Nd5 Na5 20. Nf4 Qe8 21. d5 Rc8 22. Rd2 Nf5 23. Qd3 Nxh4 24. Bd4 Kg8 25. Bf2 Bg6 26. Qg3 Bf6 27. Qxg4 h5 28. Qe2 c5 29. dxc6 Nxb3+ 30. axb3 Nf5 31. g4 hxg4 32. Qxg4 Rg7 33. Ba7 Bh7 34. Nh5 Bxb2+ 35. Kxb2 Rxg4 36. Nf6+ Kg7 37. Nxe8+ Rxe8 38. c7 Re4 39. Rd5 Rc8 40. Bb6 Rxe6 41. Rfxf5 Bxf5 42. Rxf5 Kg6 43. Rf1 Rf6 1/2-1/2

[Event "FICGS theme 0000 email"]
[Site "FICGS email"]
[Date "2009.05.24"]
[Round "1"]
[White "Van der Kemp, Michel"]
[Black "Roncagliolo, Marco"]
[Result "1-0"]
[WhiteElo "2111"]
[BlackElo "1748"]
[PlyCount "33"]
[EventDate "2009.??.??"]
[EventType "swiss (corr)"]
[EventRounds "1"]
[SourceTitle "Corr 2022"]
[Source "ChessBase"]
[SourceDate "2021.10.24"]
[SourceVersion "1"]
[SourceVersionDate "2021.10.24"]
[SourceQuality "1"]

1. e4 e5 2. f4 exf4 3. Nc3 d6 4. d4 g5 5. h4 Nc6 6. hxg5 Qxg5 7. Nge2 Bg4 8. Bxf4 Qg7 9. Nb5 0-0-0 10. d5 Ne5 11. Nxa7+ Kb8 12. Nb5 Nf6 13. Qd4 b6 14. Qa4 Kc8 15. Ned4 Nxe4 16. Na7+ Kb7 17. Qa6+ 1-0

[Event "LSS BI-2009-P-00001"]
[Site "LSS email"]
[Date "2009.04.19"]
[Round "?"]
[White "Pech, Jaroslav Jr"]
[Black "Van der Kemp, Michel"]
[Result "0-1"]
[WhiteElo "1817"]
[BlackElo "2122"]
[PlyCount "56"]
[EventDate "2009.04.20"]
[EventType "tourn (corr)"]
[EventRounds "10"]
[EventCountry "GER"]
[SourceTitle "Corr 2011"]
[Source "ChessBase"]
[SourceDate "2010.08.31"]
[SourceVersion "1"]
[SourceVersionDate "2010.08.31"]
[SourceQuality "1"]

1. e4 c5 2. Nf3 d6 3. d4 cxd4 4. Nxd4 Nf6 5. Nc3 a6 6. Be3 e5 7. Nb3 Be6 8. f3 Be7 9. Qd2 0-0 10. 0-0-0 Nbd7 11. g4 b5 12. Kb1 b4 13. Nd5 Bxd5 14. exd5 Nb6 15. f4 Nfxd5 16. Bxb6 Nxb6 17. Na5 Qc7 18. Bg2 d5 19. fxe5 Rfe8 20. g5 Bf8 21. Rhe1 Rxe5 22. Rxe5 Qxe5 23. Bxd5 Nxd5 24. Nc6 Qc7 25. Qxd5 Rc8 26. Nd4 Qxh2 27. Rf1 Rc7 28. Qf3 Qd2 0-1

[Event "LSS RB-2009-0-00045"]
[Site "LSS email"]
[Date "2009.03.24"]
[Round "?"]
[White "Hemmer, Christian"]
[Black "Van der Kemp, Michel"]
[Result "0-1"]
[WhiteElo "1804"]
[BlackElo "1958"]
[PlyCount "54"]
[EventDate "2009.02.14"]
[EventType "tourn (corr)"]
[EventRounds "6"]
[EventCountry "GER"]
[SourceTitle "Corr 2011"]
[Source "ChessBase"]
[SourceDate "2010.08.31"]
[SourceVersion "1"]
[SourceVersionDate "2010.08.31"]
[SourceQuality "1"]

1. Nf3 Nf6 2. e3 g6 3. b4 Bg7 4. Bb2 d6 5. d4 0-0 6. Nbd2 Nbd7 7. Be2 e5 8. dxe5 dxe5 9. Nxe5 Nxe5 10. Bxe5 Qe7 11. Bc3 Rd8 12. Qc1 a5 13. bxa5 Ne4 14. Nxe4 Qxe4 15. Bxg7 Qxg2 16. Rf1 Kxg7 17. Qb2+ Kg8 18. Qe5 Bh3 19. Rd1 Qc6 20. Rg1 Qxc2 21. Rg3 Be6 22. Bf3 Bc4 23. Qa1 Rxd1+ 24. Qxd1 Qxa2 25. Bxb7 Qxa5+ 26. Qd2 Qa1+ 27. Qd1 Qc3+ 0-1